=LDR 00000nam 2200000 4500 =001 INLIS000000000000624 =005 20150406091331.0 =006 =007 =008 Ind =035 ##$$0010-061300000000624 =041 ##$$a Ind =082 ##$$a 92(Said) =090 ##$$a 92(Said) Sai a =100 ##$$a Said, Sri Murni Ali =245 ##$$a Ali Said diantara sahabat / Sri Murni Ali Said =260 ##$$a Jakarta $b Pustaka Sinar Harapan $c 1997 =300 ##$$a xx, 399 hlm. ; 21 cm =650 ##$$a Said, Ali =850 ##$$a NBPNMAT